000 00388 a2200169 4500
001 186363
020 _a85-16-4342-8
040 _cMagnum
100 _aMc Donald, Megan
240 1 0 _aJudy moody quer a fama!
_lpor
245 1 0 _aJudy moody quer a fama!
300 _a156
362 0 _a2004
440 1 _aSalamandra
697 _aLITERATURA INFANTO-JUVENIL ESTRANGEIRA
942 _cBK
999 _c186363
_d186363